Digital Economy and Rural Household Resilience: Evidence from China
Zvyšovanie odolnosti vidieckych domácností voči vplyvom rizík a formovanie ich trvalej sily napriek skromnému rozsahu má v súčasnosti prvoradý význam pre množstvo rozvojových krajín vrátane Číny. Táto štúdia využíva mikroúdaje čínskeho prieskumu dynamiky pracovnej sily (CLDS), po prvýkrát systematic...
Guardado en:
| Autor principal: | |
|---|---|
| Otros Autores: | , , |
| Formato: | Capítulo de libro |
| Lenguaje: | inglés |
| Materias: | |
| Etiquetas: |
Sin Etiquetas, Sea el primero en etiquetar este registro!
|
MARC
| LEADER | 00000naa a2200000 4500 | ||
|---|---|---|---|
| 001 | 0305174 | ||
| 005 | 20241120082329.2 | ||
| 041 | 0 | |a eng | |
| 044 | |a CZ | ||
| 245 | 1 | 0 | |a Digital Economy and Rural Household Resilience: Evidence from China |c Jianghong Xu, Chenguang Wang, Xukang Yin |
| 520 | |a Zvyšovanie odolnosti vidieckych domácností voči vplyvom rizík a formovanie ich trvalej sily napriek skromnému rozsahu má v súčasnosti prvoradý význam pre množstvo rozvojových krajín vrátane Číny. Táto štúdia využíva mikroúdaje čínskeho prieskumu dynamiky pracovnej sily (CLDS), po prvýkrát systematicky meria index odolnosti vidieckych domácností, analyzuje vplyv digitálnej ekonomiky na odolnosť vidieckych domácností a rozoberá skupinové rozdiely a mechanizmus. akcie. Zistili sme, že od roku 2012 do roku 2018 mal index odolnosti čínskych vidieckych domácností výrazné rozdiely v čase a priestore a najdôležitejšími ukazovateľmi ovplyvňujúcimi index odolnosti vidieckych domácností bol dedinský trh, šľachtická pomoc, ekonomická organizácia a príjem z kolektívnej prevádzky. | ||
| 610 | 2 | 0 | |a vidiek |
| 610 | 2 | 0 | |a ekonomika digitálna |
| 610 | 2 | 0 | |a domácnosti |
| 610 | 2 | 0 | |a sily pracovné |
| 610 | 2 | 0 | |a zamestnanci |
| 100 | 1 | |a Xu, Jianghong | |
| 700 | 1 | |a Wang, Chenguang | |
| 700 | 1 | |a Yin, Xukang | |
| 700 | 1 | |a Wang, Weixin | |